| 000 | 01215nam a22001937a 4500 | ||
|---|---|---|---|
| 005 | 20260504165040.0 | ||
| 010 | _aB-778418-433 BACCHHN26 | ||
| 020 |
_a9789392690006 _c595.00 |
||
| 035 | _aB-778418-433 | ||
| 037 | _bकैटरपिल्लर पब्लिशर्स | ||
| 082 | _aक | ||
| 100 | _aप्रकाश मनु | ||
| 245 |
_aअद्भुत कहानियाँ ज्ञान-विज्ञान की / _cप्रकाश मनु |
||
| 260 |
_aदिल्ली _bकैटरपिल्लर पब्लिशर्स _c2025 |
||
| 270 |
_a 1376, सैकेंड फ्लोर, कश्मीरी गेट _bदिल्ली _e110006 |
||
| 300 |
_a112 पृ _bसचित्र _c26 सेमी. (सजिल्द) |
||
| 942 |
_adpl _cCH _2ddc _hक _mप्रकाश |
||
| 999 |
_c215271 _d215271 |
||